|
|
|
|
| LEADER |
01140nam a2200241 4500 |
| 001 |
10111809 |
| 003 |
upatras |
| 005 |
20220125121939.0 |
| 008 |
140214s1901 gr gre |
| 040 |
|
|
|a GR-PaULI
|e AACR2
|c GR-PaULI
|
| 041 |
0 |
|
|a gre
|
| 082 |
0 |
4 |
|a 808.803 522
|
| 100 |
1 |
|
|a Καλλισπέρη, Σεβαστή Ν.
|4 aut
|9 136325
|
| 245 |
1 |
0 |
|a Ηρω΅ιδες
|b εν τη ποίηση και εν τη ιστορία
|c Σεβαστής Ν. Καλλισπέρη
|
| 260 |
|
|
|a Εν Αθήναις
|b Εκ του τυπογραφείου Ν. Ταρουσόπουλου
|c 1901
|
| 300 |
|
|
|a 171 σ.
|b εικ.
|c 21 εκ.
|
| 650 |
|
4 |
|a Ήρωες στη λογοτεχνία
|9 59313
|
| 650 |
|
4 |
|a Γυναίκες και λογοτεχνία
|9 12089
|
| 852 |
|
|
|a GR-PaULI
|b ΠΑΤΡΑ
|b ΒΚΠ
|b ΑΝΤ
|k ΟΧΙΔ
|h 808.803 522 ΚΑΛ
|m 049608
|p 025000067220
|t 1
|
| 942 |
|
|
|2 ddc
|c BKN
|
| 952 |
|
|
|0 0
|1 0
|4 0
|6 808_803000000000000_522_ΚΑΛ
|7 0
|9 162855
|a LISP
|b LISP
|c DON
|d 2016-04-24
|i 049608
|l 0
|o 808.803 522 ΚΑΛ
|p 025000067220
|r 2016-04-24 00:00:00
|t 1
|w 2016-04-24
|y BKN
|
| 998 |
|
|
|c ΜΠΟΥΡΑΣ
|d 2014-02
|
| 999 |
|
|
|c 102143
|d 102143
|